| 000 | 00636nam a2200229Ia 4500 | ||
|---|---|---|---|
| 001 | 8970 | ||
| 003 | GE_BSU | ||
| 008 | 181216s||||||||xx |||||||||||||| ||und|| | ||
| 040 | _cGE_BSU | ||
| 080 | _a821.353.1–2 | ||
| 100 | _aკლდიაშვილი,სერგო | ||
| 245 | _aგმირთა თაობა | ||
| 245 | _bპიესა | ||
| 245 | _cრედ.რ.გვეტაძე | ||
| 260 | _aტფილისი | ||
| 260 | _bფედერაცია | ||
| 260 | _c1937 | ||
| 300 | _a154გვ.18სმ. | ||
| 653 | _aგმირთა თაობა | ||
| 653 | _aპიესა | ||
| 942 | _cBK | ||
| 999 |
_c42275 _d42275 |
||